La pintura prehistórica /
A la par que se describen las pinturas rupestres halladas principalmente en España, Francia, Africa, India y Australia, el objetivo de la presente obra es rastrear su origen. También se explican las diversas explicaciones que sobre ellas se dieron desde su descubrimiento hasta la mitad del siglo XX.
Salvato in:
| Autore principale: | |
|---|---|
| Altri autori: | |
| Natura: | Libro |
| Lingua: | spagnolo |
| Pubblicazione: |
México :
Fondo de Cultura Económica,
1965, c1950
|
| Edizione: | 3a edición |
| Serie: | (Breviarios ;
37) |
| Soggetti: | |
| Tags: |
Nessun Tag, puoi essere il primo ad aggiungerne!!
|
MARC
| LEADER | 00000nam^a2200000^a^4500 | ||
|---|---|---|---|
| 001 | 000000527 | ||
| 005 | 20250521000000.0 | ||
| 009 | 20260310083032.193 | ||
| 037 | |a Acervo ITESO - Biblioteca | ||
| 041 | |a ESP | ||
| 082 | |a 082. |b BRE V. 37 | ||
| 100 | |a Brodrick, A. Houghton |e (autor) | ||
| 245 | 1 | 3 | |a La pintura prehistórica / |c A.H. Brodrick ; tr. por H. Pereña. |
| 250 | |a 3a edición | ||
| 264 | 4 | |a México : |b Fondo de Cultura Económica, |c 1965, c1950 | |
| 300 | |a 137 p. | ||
| 336 | |a texto |b txt |2 rdacontenido | ||
| 337 | |a sin mediación |b n |2 rdamedio | ||
| 338 | |a volumen |b nc |2 rdasoporte | ||
| 440 | 1 | |a (Breviarios ; |v 37) | |
| 500 | |a Traducción de: Prehistoric Painting | ||
| 520 | |a A la par que se describen las pinturas rupestres halladas principalmente en España, Francia, Africa, India y Australia, el objetivo de la presente obra es rastrear su origen. También se explican las diversas explicaciones que sobre ellas se dieron desde su descubrimiento hasta la mitad del siglo XX. | ||
| 649 | |a XX | ||
| 650 | |a Pintura Rupestre - |z España - |x Historia y Crítica | ||
| 650 | |a Pintura Rupestre - |z Francia - |x Historia y Crítica | ||
| 650 | |a Pintura Rupestre - |z Africa - |x Historia y Crítica | ||
| 650 | |a Pintura Rupestre - |z India - |x Historia y Crítica | ||
| 650 | |a Pintura Rupestre - |z Australia - |x Historia y Crítica | ||
| 650 | |a Pintura Rupestre - |x Historia y Crítica - |x Tema Principal | ||
| 650 | |a Pintura Prehistórica - |x Historia y Crítica | ||
| 650 | |a Arte Prehistórico - |x Historia y Crítica | ||
| 700 | |a Pereña, Helena |e (traducción) | ||
| 910 | |a Fondo General | ||
| 920 | |a Impresos - Libros | ||
| 930 | |a Colección General | ||
| 905 | |a 101 | ||
| 901 | |a 0005270200 |b IT1 |c ACC |i 900515 |u 20250521 | ||
| 902 | |a https://opac.biblio.iteso.mx/vufind/Record/000000527 | ||